| 000 | 00800nam a2200241 a 4500 | ||
|---|---|---|---|
| 001 | 000005657 | ||
| 005 | 20260204085718.0 | ||
| 008 | 090821s1993 dr 001 0 spa d | ||
| 040 |
_aDO-SdBNP _bspa _cBNPHU |
||
| 082 |
_a355.1336 _bG216p |
||
| 100 | 1 |
_aGarcía Alecont, Victor Fco. _915997 |
|
| 245 | 1 | 0 |
_aProtocolo militar : _bdiplomacia y ceremonial / _cVictor Fco. García Alecont. |
| 260 |
_aSanto Domingo : _bCorripio, _c1993. |
||
| 300 |
_a427 p. : _bil. ; _c23 cm. |
||
| 504 | _aBibliografía : p. 425-427 | ||
| 650 | 4 |
_aDiplomacia _zRepública Dominicana _92257 |
|
| 650 | 4 |
_aMarina de guerra _zRepública Dominicana _915998 |
|
| 650 | 4 |
_aCondecoraciones _915999 |
|
| 650 | 0 |
_aEtiqueta _9402 |
|
| 650 | 4 |
_aProcedencia de rango _916000 |
|
| 650 | 4 |
_aSímbolos militares _916001 |
|
| 049 | _aBNPD | ||
| 999 |
_c5455 _d5455 |
||